000 00514nam a22001577a 4500
003 OSt
008 260627b |||||||| |||| 00| 0 eng d
020 _a9788170196778
082 _a519.535
_bG97M
100 _aGupta, R. B.
245 _aMultivariate Analysis: Applications in Social Science Research / by R. B.Gupta
260 _aDelhi :
_bToday & Tomorrow Printers and Publishers,
_c2020.
300 _a110 p.
650 _a Pure Sciences | Mathematics | Statistics | Multivariate Analysis
942 _2ddc
_cBK
999 _c52403
_d52403